Propiedades mecánicas de las maderas de Pochote, Guanacaste y Genízaro provenientes del raleo de plantación de la Estación Experimental Forestal Horizontes en Guanacaste
Guardat en:
| Autor principal: | |
|---|---|
| Altres autors: | |
| Format: | Llibre |
| Publicat: |
San José, Costa Rica : Universidad de Costa Rica, Laboratorio de Productos Forestales, Instituto de Investigaciones en Ingeniería, Laboratorio de Productos Forestales
[2003?]
|
| Matèries: | |
| Etiquetes: |
Afegir etiqueta
Sense etiquetes, Sigues el primer a etiquetar aquest registre!
|
MARC
| LEADER | 00000nam a2200000Ia 4500 | ||
|---|---|---|---|
| 003 | PI0018 | ||
| 005 | 20231030140746.0 | ||
| 008 | 140116s2003 c a 000 ||s d | ||
| 040 | |c cru CEDI | ||
| 090 | |a PI 18 | ||
| 100 | |a Muñoz Umaña, Flor de María, 1958- |9 1733 | ||
| 245 | |a Propiedades mecánicas de las maderas de Pochote, Guanacaste y Genízaro provenientes del raleo de plantación de la Estación Experimental Forestal Horizontes en Guanacaste | ||
| 260 | |a San José, Costa Rica : Universidad de Costa Rica, Laboratorio de Productos Forestales, Instituto de Investigaciones en Ingeniería, Laboratorio de Productos Forestales |c [2003?] | ||
| 300 | |a 21 hojas | ||
| 500 | |a Informe final proyecto de investigación, no. 731-A1-048 | ||
| 610 | 0 | |a ESTACION EXPERIMENTAL FORESTAL HORIZONTES (GUANACASTE, COSTA RICA) |9 1735 | |
| 650 | |x ARBOLES MADERABLES |x GUANACASTE (COSTA RICA) |x MADERA |x COSTA RICA |x POCHOTE |x GUANACASTE (ARBOL) |x CENIZARO |9 15462 | ||
| 700 | |a Valverde Cubero, Berny, 1969- |9 1734 | ||
| 942 | |c PI |h PI-18 |i PI0018 |6 PI_18_PI0018 | ||
| 999 | |c 21609 |d 21609 | ||
